[Event "Agzamov Memorial 04th"]
[Site "Tashkent"]
[Date "2010.03.29"]
[Round "7"]
[White "Sabirov, Farkhad"]
[Black "Agzamov, Viachesiav"]
[Result "1/2-1/2"]
[WhiteElo "2346"]
[BlackElo "2270"]
[PlyCount "64"]
[EventDate "2010.03.23"]
[EventType "swiss"]
[EventRounds "9"]
[EventCountry "UZB"]
[SourceTitle "CBM 135 Extra"]
[Source "ChessBase"]
[SourceDate "2010.05.04"]
[SourceVersion "1"]
[SourceVersionDate "2010.05.04"]
[SourceQuality "1"]

1. e4 c5 2. Nf3 d6 3. Bb5+ Bd7 4. Bxd7+ Qxd7 5. c4 e6 6. Nc3 Nc6 7. d4 cxd4 8. Nxd4 Nf6 9. 0-0 Be7 10. b3 0-0 11. Bb2 Rfd8 12. Re1 a6 13. Nxc6 Qxc6 14. Qe2 Bf8 15. Rac1 Rac8 16. Qf3 b6 17. Qg3 Nd7 18. f4 Qb7 19. Qd3 Nc5 20. Qe2 Rb8 21. f5 Re8 22. fxe6 fxe6 23. Rcd1 b5 24. cxb5 axb5 25. b4 Nd7 26. Nb1 Rbc8 27. Rf1 Ne5 28. Bxe5 dxe5 29. a3 Rc4 30. Nd2 Rd4 31. Nf3 Rxe4 32. Qd3 g6 1/2-1/2

[Event "Agzamov Memorial 02nd"]
[Site "Tashkent"]
[Date "2008.03.24"]
[Round "5"]
[White "Sabirov, Farkhad"]
[Black "Kurnosov, Igor"]
[Result "0-1"]
[WhiteElo "2362"]
[BlackElo "2577"]
[PlyCount "84"]
[EventDate "2008.03.18"]
[EventType "swiss"]
[EventRounds "9"]
[EventCountry "UZB"]
[SourceTitle "CBM 123 Extra"]
[Source "ChessBase"]
[SourceDate "2008.05.06"]
[SourceVersion "1"]
[SourceVersionDate "2008.05.06"]
[SourceQuality "1"]

1. e4 c5 2. Nc3 d6 3. Bb5+ Nd7 4. d3 e6 5. Nge2 a6 6. Bxd7+ Bxd7 7. 0-0 Nf6 8. f4 Be7 9. Ng3 Bc6 10. f5 0-0 11. Kh1 b5 12. Nce2 e5 13. Bg5 Ng4 14. Bxe7 Qxe7 15. Nd4 Qh4 16. Nf3 Qh6 17. Qe2 d5 18. Rae1 Rfe8 19. h3 Nf6 20. Nh2 dxe4 21. dxe4 Qh4 22. Qf2 Rad8 23. Nf3 Qf4 24. Ne2 Nxe4 25. Nxf4 Nxf2+ 26. Rxf2 exf4 27. Rxe8+ Rxe8 28. Kg1 Kf8 29. Kf1 Be4 30. Ng5 Bxf5 31. Rxf4 Bg6 32. Rf2 f6 33. Nf3 Bf7 34. b3 Rd8 35. Ke1 h5 36. h4 Bg6 37. a3 Be4 38. g3 Rd5 39. Ng5 Bxc2 40. Ne6+ Kf7 41. Ng5+ Kg6 42. Nh3 Re5+ 0-1

[Event "Ascona op"]
[Site "Ascona"]
[Date "2007.12.04"]
[Round "2"]
[White "Sabirov, Farkhad"]
[Black "Stojanovic, Mihajlo"]
[Result "0-1"]
[WhiteElo "2362"]
[BlackElo "2582"]
[PlyCount "102"]
[EventDate "2007.12.03"]
[EventType "swiss"]
[EventRounds "9"]
[EventCountry "SUI"]
[SourceTitle "CBM 121 Extra"]
[Source "ChessBase"]
[SourceDate "2008.01.10"]
[SourceVersion "1"]
[SourceVersionDate "2008.01.10"]
[SourceQuality "1"]

1. e4 e6 2. Nc3 d5 3. d4 Nf6 4. Bg5 dxe4 5. Nxe4 Nbd7 6. Nf3 Be7 7. Nxf6+ Bxf6 8. Bxf6 Qxf6 9. Qd2 c5 10. 0-0-0 cxd4 11. Qxd4 Qxd4 12. Rxd4 Ke7 13. Bb5 a6 14. Bxd7 Bxd7 15. Ne5 Be8 16. Rhd1 Rc8 17. f4 Rc7 18. R1d2 h6 19. h4 f6 20. Rc4 Rxc4 21. Nxc4 Rg8 22. Ne3 g5 23. hxg5 hxg5 24. f5 Rh8 25. c4 Bc6 26. fxe6 Kxe6 27. Re2 Rh4 28. Kd2 f5 29. g4 fxg4 30. Nxg4+ Kf5 31. Ne3+ Kg6 32. Kc3 Bf3 33. Rd2 g4 34. b4 g3 35. Rd8 Kf7 36. Rd4 Rxd4 37. Kxd4 Ke6 38. a4 g2 39. Nxg2 Bxg2 40. Kc5 Kd7 41. Kb6 Kc8 42. a5 Bf1 43. Kc5 Kb8 44. Kd5 Be2 45. Kd4 Kc7 46. Kc5 Bf3 47. b5 axb5 48. Kxb5 Bc6+ 49. Kc5 Be8 50. Kb4 Kb8 51. a6 b6 0-1

[Event "Abu Dhabi op 17th"]
[Site "Abu Dhabi"]
[Date "2007.08.17"]
[Round "6"]
[White "Sabirov, Farkhad"]
[Black "Sturua, Zurab"]
[Result "0-1"]
[WhiteElo "2353"]
[BlackElo "2517"]
[PlyCount "71"]
[EventDate "2007.08.12"]
[EventType "swiss"]
[EventRounds "9"]
[EventCountry "UAE"]
[SourceTitle "CBM 119 Extra"]
[Source "ChessBase"]
[SourceDate "2007.09.04"]
[SourceVersion "1"]
[SourceVersionDate "2007.09.04"]
[SourceQuality "1"]

1. e4 c5 2. Nc3 e6 3. g3 d5 4. d3 Nc6 5. Bg2 d4 6. Nce2 Bd6 7. f4 f6 8. Nf3 Nge7 9. 0-0 e5 10. h3 Be6 11. fxe5 Nxe5 12. Nf4 Bf7 13. Nxe5 Bxe5 14. h4 Qd6 15. Qg4 h5 16. Qf3 0-0-0 17. Bh3+ Kb8 18. Ne2 Nc6 19. a3 c4 20. Bf4 Qc7 21. Rac1 Ka8 22. Rb1 Qe7 23. Qf2 Rhe8 24. Bxe5 Nxe5 25. Nxd4 cxd3 26. Nb5 Nc6 27. cxd3 Qe5 28. Nc3 Rxd3 29. Kh2 Bb3 30. Nd5 Nd4 31. Bg2 g5 32. hxg5 Bxd5 33. exd5 h4 34. Qf4 hxg3+ 35. Kh1 Rh8+ 36. Kg1 0-1